| Поле | Инд. | ПП | Название | Значение |
|---|---|---|---|---|
| Тип записи | a | |||
| Библиографический уровень | m | |||
| 001 | Контрольный номер | RU/IS/BASE/267197000 | ||
| 005 | Дата корректировки | 20250428164207.7 | ||
| 008 | Кодируемые данные | 20080619 | ||
| 040 | b | Код языка каталог. | rus | |
| e | Правила каталог. | PSBO | ||
| 041 | 0_ | a | Код языка текста | rus |
| 084 | a | Индекс другой классификации/Индекс ББК | 22.37 | |
| 090 | a | Полочн. индекс | 22.37 | |
| x | Авторский знак | У 39 | ||
| 100 | 1_ | a | Автор | Уиттекер Э. Дж. У. |
| q | Полное имя | Уиттекер Эрик Джеймс У. | ||
| u | Дополнение к имени | Whittaker E. J. W. | ||
| 245 | 10 | a | Заглавие | Кристаллография |
| b | Продолж. заглавия | вводный курс для геологов | ||
| c | Ответственность | перевод с английского Н. И. Головастикова, Р. Г. Матвеевой; под редакцией Ю. А. Пятенко | ||
| 246 | 01 | a | Другая форма заглавия | Crystallography |
| 260 | a | Место издания | Москва | |
| b | Издательство | Мир | ||
| c | Дата издания | 1983 | ||
| 300 | a | Объем | 272 с. | |
| b | Иллюстрации/ тип воспроизводства | ил. | ||
| 336 | a | Термин вида содержания | Текст | |
| 337 | a | Термин типа средства | непосредственный | |
| 504 | a | Библиография | Словарь англ. терм.: с. 260. - Отв. к задачам: с. 263 | |
| 521 | 0_ | a | Примеч. о целев. назн. | студенты; геологи; физики; химики |
| 650 | 04 | a | Основная рубрика | кристаллография |
| a | Основная рубрика | физика | ||
| a | Основная рубрика | физика твердого тела | ||
| 653 | 0_ | a | Ключевые слова | Бравэ решетки |
| a | Ключевые слова | грани | ||
| a | Ключевые слова | Дебая-Шерера порошковая камера | ||
| a | Ключевые слова | дифракция электронов | ||
| a | Ключевые слова | кристаллические структуры | ||
| a | Ключевые слова | кристаллы | ||
| a | Ключевые слова | морфология кристаллов | ||
| a | Ключевые слова | порошковые рентгенограммы | ||
| a | Ключевые слова | рентгеновская кристаллография | ||
| a | Ключевые слова | рентгеновские лучи | ||
| a | Ключевые слова | рентгеновские методы | ||
| a | Ключевые слова | симметрия кристаллов | ||
| a | Ключевые слова | стереографическая проекция | ||
| a | Ключевые слова | ячеистая структура | ||
| 700 | 12 | a | Автор | Головастиков Н. И. |
| e | Роль лиц | переводчик | ||
| 700 | 1_ | a | Автор | Матвеева Р. Г. |
| e | Роль лиц | переводчик | ||
| 700 | 1_ | a | Автор | Пятенко Ю. А. |
| e | Роль лиц | редактор | ||
| 901 | t | Тип документа | m | |
| 952 | a | Тип литературы для КСУ ВШ | НАУ |